ბათუმის შოთა რუსთაველის სახელმწიფო უნივერსიტეტის ბიბლიოთეკა

ქართულ-ესპანური ლექსიკონი = Diccionario Georgiano-Espanol : (ბიბ.ჩანაწერი № 54855)

000 -ლიდერი
ფიქსირებული სიგრძის საკონტროლო ველი 01413nam a2200289Ia 4500
001 - საკონტროლო ნომერი
საკონტროლო ველი 21924
003 - საკონტროლო ნომრის იდენტიფიკატორი
საკონტროლო ველი GE_BSU
005 - ბოლო ოპერაციის თარიღი და დრო
საკონტროლო ველი 20220810133616.0
008 - ფიქსირებული სიგრძის მონაცემთა ელემენტები - ზოგადი ინფორმაცია
ფიქსირებული სიგრძის საკონტროლო ველი 181216s ||||ge |||||||||||||| ||geo||
020 ## - წიგნის საერთაშორისო სტანდარტული ნომერი
International Standard Book Number 9789994068487
040 ## - კატალოგიზაციის წყარო
Transcribing agency GE_BSU
080 ## - უნივერსალური ათობითი კლასიფიკაციის ინდექსი
Universal Decimal Classification number 81'374.822=353.1=134.2 ნ-63
100 ## - მთავარი ჩანაწერი - პიროვნების სახელი
Personal name ნიკოლაიშვილი, ეკატერინე
9 (RLIN) 14521
245 ## - ცნობა სათაურის შესახებ
Title ქართულ-ესპანური ლექსიკონი = Diccionario Georgiano-Espanol :
Remainder of title 20000 სიტყვა /
Statement of responsibility, etc ეკატერინე ნიკოლაიშვილი ; რედ. : ანა ორდონესი, ლიდია კოლმენარესი, ჯენეტ ლუისი.
250 ## - გამოცემის ცნობა
Edition statement 1-ლი გამოცემა
264 ## - წარმოების, გამოცემის, დისტრიბუციის და სხვა ცნობები
გამოცემის, წარმოების, დისტრიბუციის... ადგილი თბილისი
გამოცემის, წარმოების, დისტრიბუციის... სახელწოდება [გ.გ.],
გამოცემის, წარმოების, დისტრიბუციის... თარიღი 2007.
300 ## - ფიზიკური აღწერა
Extent 567 გვ. ;
Dimensions 20 სმ.
653 ## - INDEX TERM--UNCONTROLLED
Uncontrolled term ლექსიკონი
653 ## - INDEX TERM--UNCONTROLLED
Uncontrolled term ქართულ-ესპანური ლექსიკონი
653 ## - INDEX TERM--UNCONTROLLED
Uncontrolled term Diccionario Georgiano-Espanol
653 ## - INDEX TERM--UNCONTROLLED
Uncontrolled term 20000 სიტყვა
700 ## - ADDED ENTRY--PERSONAL NAME
Personal name ორდონესი, ანა
Relator term რედაქტორი
9 (RLIN) 14522
700 ## - ADDED ENTRY--PERSONAL NAME
Personal name კოლმენარესი, ლიდია
Relator term რედაქტორი
9 (RLIN) 14523
700 ## - ADDED ENTRY--PERSONAL NAME
Personal name ლუისი, ჯენეტ
Relator term რედაქტორი
9 (RLIN) 14524
942 ## - ADDED ENTRY ELEMENTS (KOHA)
Koha item type წიგნი
Source of classification or shelving scheme
ეგზემპლარები
ჩამოწერის სტატუსი დაკარგული ეგზემპლარის სტატუსი კლასიფიკაციის წყარო ან თაროზე გაწყობის სქემა დაზიანების სტატუსი არ გაიცემა მუდმივი მდებარეობა (დაცვის ადგილი) ამჟამინდელი ადგილსამყოფელი თაროზე განთავსების ადგილი შეძენის თარიღი ღირებულება, შესყიდვის ნორმალური ფასი სრული შენახვის შიფრი შტრიხკოდი ბოლო ოპერაციის თარიღი ეგზემპლარის მიმდევრობითი ნომერი (კეტერი?) ფასის ძალაში შესვლის თარიღი ეგზემპლარის სახეობა საჯარო შენიშვნა
          ბათუმის შოთა რუსთაველის სახელმწიფო უნივერსიტეტის მთავარი ბიბლიოთეკა ბათუმის შოთა რუსთაველის სახელმწიფო უნივერსიტეტის მთავარი ბიბლიოთეკა წიგნსაცავი 2018-12-17 25.00 81'374.822=353.1=134.2 ნ-63 56643 2018-12-17 56643 2018-12-17 წიგნი 25.00 ₾.